000 00581cam a2200181 a 4500
001 1485253
005 20231128015524.0
008 870908s1986 ge af s 000 0 eng
040 _aDLC
_cDLC
_dDLC
082 0 0 _a305.4
_219
245 0 0 _aEqual rights in practice :
_bWomen in the GDR /
_c[translation, Intertext Verlag Zeit im Bild].
260 _aBerlin :
_bPanorama DDR ;
_aNew York, N.Y., U.S.A. :
_bU.S. Committee for Friendship with the GDR [distributor,
_c1986]
300 _a61 p.
490 0 _aFirst-hand information
650 0 _aWomen
650 0 _aWomen's rights
942 _cL
999 _c97
_d97